Základy pracovního práva

Uložené v:
Podrobná bibliografia
Hlavný autor: Galvas, M.
Médium: Kniha
Jazyk:Czech
Vydavateľské údaje: Brno Masarykova univerzita 1992
Vydanie:1. vyd.
Predmet:
Tagy: Pridať tag
Žiadne tagy, Buďte prvý, kto otaguje tento záznam!

MARC

LEADER 00000nam a2200000 4500
001 c000931
005 20221214091100.2
020 |a 80-210-0377-4 
041 0 |a cze 
044 |a CZ 
245 1 0 |a Základy pracovního práva  |c M. Galvas a kol. 
250 |a 1. vyd. 
264 1 |a Brno  |b Masarykova univerzita  |c 1992 
300 |a 118 s. 
610 2 0 |a právo pracovné 
610 2 0 |a ČSFR 
610 2 0 |a vzťahy pracovnoprávne 
610 2 0 |a MOP 
610 2 0 |a zamestnanosť 
610 2 0 |a zmluvy kolektívne 
610 2 0 |a rekvalifikácia 
100 1 |a Galvas, M.